00836 2200229 4500001002100000005001700021008004100038035002500079040001200104082001500116084002000131100001500151245015300166260005200319300004200371500008400413504003000497650003500527700001400562850001200576990001800588INLIS00000000000924020150807154748.0  a0010-081500000000678 aYOPDYOG 223a530.07 aSK 530.07 Mut P aMUTHOHAROH aPenerapan pendekatan reciprocal teaching dalam pembelajaran fisika SMA sebagai upaya meningkatkan keterampilan komunikasi ilmiah siswac/ Muthoharoh aYogyakartabUniversitas Negeri Yogyakartac2008 axviii, 132 lembar. : ilus.c; 29,5 cm aSkripsi Jurusan Pendidikan Fisika Fakultas Matematika dan Ilmu Pengetahuan Alam aBibliografi: hlm. 130-132 aFisika -- Studi dan Pengajaran aSUPARWOTO aYOPDYOG a47506-PD/A.15